| 000 | 00838nam a22002537a 4500 | ||
|---|---|---|---|
| 003 | OSt | ||
| 005 | 20230220071445.0 | ||
| 008 | 160426b xxu||||| |||| 00| 0 eng d | ||
| 010 | _a 2015333278 | ||
| 020 | _a9788192537177 | ||
| 040 |
_aMMU _beng _cMMU _eMMU |
||
| 042 |
_alcode _apcc |
||
| 050 | _aHC59.15 .M454 2015 | ||
| 100 | 1 | _aMeienberg, Peter Hildebrand. | |
| 245 | 1 | 0 |
_aAfrica-my destiny : _b50 years of service in East Africa / _cPeter Hildebrand Meienberg. |
| 264 | 1 |
_aNairobi, Kenya : _bCreative Manufacturers Limited, _c[2015] |
|
| 300 |
_a379 pages : _bcolor illustrations ; _c23 cm + _e1 CD-ROM (4 3/4 in.) |
||
| 336 |
_atext _2rdacontent |
||
| 337 |
_aunmediated _2rdamedia |
||
| 338 |
_avolume _2rdacarrier |
||
| 906 |
_a0 _bibc _corigode _d3 _encip _f20 _gy-gencatlg |
||
| 942 |
_2lcc _cLOAN LOAN |
||
| 999 |
_c17100 _d17100 |
||